Score 0/40 Timer 09:00
1 Play Today
% Correct
Budweiser
90.6%
Geico
76.5%
Heinz
66%
Doritos
51.4%
Radio Shack
50.6%
M&M's
49.6%
Wonderful Pistachios
49.4%
MetLife
48.6%
Bud Light
44.8%
GoDaddy.com
43.2%
Cheerios
40.4%
Volkswagen
39%
Butterfinger Peanut Butter Cups
36.6%
Dannon Oikos
33.5%
Jaguar
32.2%
T-Mobile
31.8%
SodaStream
29.4%
beatsMUSIC
27.6%
Chobani Yogurt
24.6%
Chevy Silverado
24%
% Correct
Toyota Highlander
23.3%
Sprint
22.5%
The Amazing Spider-Man 2 Movie
22.2%
Kia K900
22.1%
Noah Movie
20.9%
Coca-Cola
18.7%
Chrysler
17.1%
Ford Fusion Hybrid
16.7%
Axe Peace
15.8%
Microsoft
14.2%
Sonos
13.2%
Audi A3
13%
Pepsi
12.9%
Honda
12.4%
Fox Sports
12%
CarMax
6.7%
Duracell
5.2%
Intuit QuickBooks presenting GoldieBlox
5.1%
Squarespace
3.1%
Weather Tech
2.2%
Remove Ads.
Support Sporcle.
Get the best of Sporcle when you Go Orange. This ad-free experience offers more features, more stats, and more fun while also helping to support Sporcle. Thank you for becoming a member.

You're not logged in!

Compare scores with friends on all Sporcle quizzes.
OR
Log In

Show Comments

Extras

Top Quizzes Today


Score Distribution

Your Account Isn't Verified!

In order to create a playlist on Sporcle, you need to verify the email address you used during registration. Go to your Sporcle Settings to finish the process.

Report this User

Report this user for behavior that violates our Community Guidelines.

Details: